湖南人口最多的20个县级行政区 20 most populous county-level regions in Hunan - Statistics

General Stats
  • This quiz has been taken 61 times
  • The average score is 15 of 20
Answer Stats
人口 地市 县区 % Correct
137 长沙市 长沙县
98%
143 长沙市 浏阳市
93%
126 长沙市 雨花区
93%
153 长沙市 岳麓区
91%
104 邵阳市 邵东市
89%
98 岳阳市 岳阳楼区
89%
84 长沙市 天心区
89%
126 长沙市 宁乡市
86%
89 长沙市 望城区
82%
82 长沙市 开福区
80%
114 衡阳市 耒阳市
73%
89 株洲市 醴陵市
70%
86 娄底市 涟源市
70%
120 娄底市 新化县
66%
89 衡阳市 衡阳县
64%
101 邵阳市 隆回县
59%
95 岳阳市 平江县
59%
83 永州市 祁阳市
57%
81 常德市 桃源县
52%
89 益阳市 赫山区
39%
No matching quizzes found
Score Distribution
Percent of People with Each Score
Percentile by Number Answered
Your Score History
You have not taken this quiz